Most Common Words Ending in ING A-Z - Statistics

General Stats
  • This quiz has been taken 79 times
  • The average score is 9 of 26
Answer Stats
letter freq letters word % Correct
G 1085 5 going
84%
B 936 5 being
79%
R 195 4 ring
75%
K 341 4 king
72%
T 1128 5 thing
69%
H 353 6 having
58%
U 247 5 using
54%
C 213 6 coming
51%
N 341 7 nothing
49%
S 526 9 something
40%
Q 21 11 questioning
39%
A 288 8 anything
37%
O 131 7 opening
33%
Z 1 6 zooming zoning
33%
W 338 7 working
28%
E 291 7 evening
24%
L 266 7 looking
24%
J 23 7 joining
18%
D 440 6 during
16%
Y 4 8 yearning
16%
M 430 7 morning
15%
V 29 8 visiting
9%
X 1 8 xeroxing
9%
F 274 9 following
7%
I 241 9 including
3%
P 146 8 planning
0%
No matching quizzes found
Score Distribution
Percent of People with Each Score
Percentile by Number Answered
Your Score History
You have not taken this quiz